zpět

Detail výsledku týmu

KEGzistence, Plzeň

Datum a čas kvízu

32 Celkem bodů Celkový počet nahraných bodů na tomto kvízu bez doplňovacích otázek.
7. Pořadí na kvízu Konečné umístění týmu na tomto kvízu.

Zaznamenané odpovědi

# Otázka Odpověď Body Výsledky
1. Ve středu jsme si prostřednict... B) beze spěchu 1
2. Americká novinářská asociace v... Air Force One 0
3. V pátek se v plzeňském DEPO20... (Hudební cena) Žebřík 1
4. Minulý týden jsme se dozvěděli... Portál občana 1
5. Začátkem týdne dostal generáln... o basketbalu 0
6. Zobrazený anglický lékař roku... William Harvey 0
7. Ve kterém orgánu lidského těla... ve slezině 1
8. Vyberte pravdivé tvrzení: D 0
9. Za půl bodu napište, jak se na... Alexej; hemofilie 0.5
10. Uveďte rodové jméno zvířete, p... makak (makak rhesus) 1